Угадай страну по форме и флагу! - Statistics

General Stats
  • This quiz has been taken 1 644 times
  • The average score is 96 of 196
Answer Stats
Picture Answer % Correct
Китай
96%
Соединённые Штаты Америки
95%
Австралия
94%
Великобритания
94%
Канада
90%
Франция
89%
Россия
88%
Греция
85%
Норвегия
84%
Индия
83%
Италия
83%
Турция
83%
Германия
83%
Казахстан
83%
Испания
82%
Украина
82%
Исландия
81%
Эстония
81%
Япония
80%
Северная Корея
80%
Центральноафриканская Республика
80%
Чили
78%
Дания
78%
Швеция
77%
Узбекистан
76%
Португалия
76%
Аргентина
76%
Вьетнам
75%
Мексика
75%
Азербайджан
74%
Бразилия
74%
Швейцария
72%
Новая Зеландия
71%
Индонезия
71%
Хорватия
71%
Израиль
71%
Польша
71%
Австрия
70%
Пакистан
70%
Беларусь
70%
Кыргызстан
69%
Бельгия
69%
Армения
69%
Куба
68%
Южная Корея
68%
Иран
68%
Словакия
67%
Финляндия
67%
Чехия
67%
Кипр
66%
Бангладеш
65%
Молдова
65%
Нидерланды
64%
Сербия
64%
Ирландия
64%
Монголия
64%
Ямайка
63%
Латвия
63%
Словения
63%
Ирак
63%
Малайзия
62%
Таджикистан
62%
Филиппины
61%
Мальта
61%
Туркменистан
61%
Объединённые Арабские Эмираты
61%
Болгария
61%
Румыния
61%
Грузия
61%
Таиланд
60%
Литва
59%
Египет
59%
Колумбия
58%
Люксембург
58%
Южноафриканская Республика
58%
Панама
57%
Черногория
56%
Албания
56%
Тайвань
55%
Венесуэла
55%
Перу
55%
Нигер
55%
Лаос
54%
Афганистан
54%
Сингапур
53%
Катар
53%
Сирия
53%
Нигерия
52%
Марокко
51%
Саудовская Аравия
51%
Косово
50%
Уругвай
50%
Алжир
50%
Эквадор
49%
Сомали
49%
Тунис
49%
Венгрия
49%
Ватикан
49%
Мадагаскар
48%
Лихтенштейн
47%
Ливан
46%
Босния и Герцеговина
46%
Македония
46%
Конго
45%
Парагвай
45%
Мьянма
44%
Камбоджа
44%
Непал
43%
Чад
43%
Монако
43%
Ангола
41%
Андорра
41%
Эфиопия
41%
Кения
40%
Шри-Ланка
40%
Коста-Рика
39%
Доминика
39%
Сан-Марино
39%
Гаити
38%
Мозамбик
38%
Оман
38%
Бутан
38%
Кувейт
37%
Мали
37%
Йемен
37%
Ливия
37%
Сенегал
36%
Замбия
36%
Судан
36%
Иордания
36%
Эритрея
35%
Гвинея
35%
Камерун
35%
Гондурас
35%
Уганда
35%
Кот Д'Ивуар
34%
Папуа - Новая Гвинея
33%
Либерия
33%
Зимбабве
33%
Бахрейн
32%
Боливия
32%
Никарагуа
32%
Сальвадор
32%
Доминиканская Республика
32%
Гана
32%
Бруней
31%
Сейшелы
30%
Демократическая Республика Конго
30%
Южный Судан
30%
Восточный Тимор
29%
Того
29%
Мавритания
29%
Багамы
27%
Габон
27%
Фиджи
27%
Гватемала
27%
Мальдивы
27%
Малави
26%
Намибия
26%
Ботсвана
26%
Барбадос
26%
Бенин
25%
Танзания
25%
Лесото
25%
Белиз
24%
Палау
24%
Буркина-Фасо
23%
Бурунди
23%
Эсватини
23%
Руанда
23%
Суринам
23%
Федеративные Штаты Микронезии
23%
Маврикий
22%
Сент Люсия
21%
Гайана
21%
Самоа
21%
Джибути
21%
Науру
21%
Гамбия
20%
Гвинея-Бисау
19%
Коморы
19%
Тринидад и Тобаго
19%
Экваториальная Гвинея
19%
Сент-Киттс и Нэвис
18%
Соломоновы Острова
18%
Маршалловы Острова
18%
Антигуа и Барбуда
17%
Гренада
17%
Тонга
17%
Сьерра-Леоне
16%
Кирибати
16%
Вануату
16%
Тувалу
16%
Кабо-Верде
15%
Сент Винсент и Гренадины
12%
Сан-Томе и Принсипи
10%
No matching quizzes found
Score Distribution
Percent of People with Each Score
Percentile by Number Answered
Your Score History
You have not taken this quiz